| 000 | 00687nam a22002537a 4500 | ||
|---|---|---|---|
| 005 | 20190219144605.0 | ||
| 008 | 190219b xxu||||| |||| 00| 0 spa d | ||
| 020 | _a9789682469770 | ||
| 041 | _aspa | ||
| 082 | _a152.4 M617e | ||
| 100 |
_aMézerville, Gaston de _952349 |
||
| 245 | _aEje de salud mental: los procesos de autoestima, dar y recibir afecto y adaptación al estrés | ||
| 260 | _aMéxico | ||
| 260 | _bTrillas | ||
| 260 | _c2004 | ||
| 300 | _a341 páginas | ||
| 650 |
_aAUTOESTIMA _9460 |
||
| 650 |
_aEMOCIONES _9274 |
||
| 650 |
_aVALORES _932 |
||
| 650 |
_aHIGIENE MENTAL _924078 |
||
| 650 |
_aSISTEMA NERVIOSO _91367 |
||
| 650 |
_aESTRÉS _94272 |
||
| 942 | _cBK | ||
| 999 |
_c11646 _d11646 |
||